Statistics for Buster Keaton Filmography

Click here to take the quiz!

General Stats

  • This quiz has been taken 49 times
    (40 since last reset)
  • The average score is 19 of 180

Answer Stats

TypeYearName% Correct
Short Film1920One Week
70%
Short Film1917The Butcher Boy
60%
Short Film1921The Goat
60%
Short Film1922Cops
50%
Short Film1920Neighbors
50%
Short Film1918Out West
50%
Short Film1918The Bell Boy
50%
Short Film1918The Cook
50%
Short Film1920The Scarecrow
50%
Film1923Three Ages
50%
Short Film1917Coney Island
40%
Film1952Limelight
40%
Film1923Our Hospitality
40%
Film1925Seven Chances
40%
Film1928Steamboat Bill, Jr.
40%
Short Film1921The Boat
40%
Film1926The General
40%
Short Film1921The Haunted House
40%
Short Film1921The High Sign
40%
Film1924The Navigator
40%
Short Film1917A Country Hero
30%
Short Film1919Back Stage
30%
Film1927College
30%
Short Film1920Convict 13
30%
Short Film1922Daydreams
30%
Film1925Go West
30%
Short Film1921Hard Luck
30%
Short Film1917His Wedding Night
30%
Film1924Sherlock Jr.
30%
Short Film1923The Balloonatic
30%
Short Film1922The Blacksmith
30%
Film1928The Cameraman
30%
Short Film1920The Garage
30%
Short Film1919The Hayseed
30%
Short Film1921The Playhouse
30%
Commercial1958Alka-Seltzer
20%
Short Film1918Good Night, Nurse!
20%
Short Film1918Moonshine
20%
Short Film1922My Wife's Relations
20%
Short Film1917Oh Doctor!
20%
Film1929Spite Marriage
20%
TV Show1950, 1951The Buster Keaton Show
20%
Short Film1922The Electric House
20%
Short Film1922The Frozen North
20%
Short Film1934The Gold Ghost
20%
Short Film1965The Railrodder
20%
Short Film1917The Rough House
20%
Film1920The Saphead
20%
Film1926Battling Butler
10%
TV Show1962, 1967Candid Camera
10%
Commerical1966Ford Van
10%
Film1930Free and Easy
10%
Short Film1941General Nuisance
10%
Short Film1936Grand Slam Opera
10%
Short Film1937Jail Bait
10%
Film1934Le Roi des Champs-Élysées
10%
Short Film1935Palooka from Paducah
10%
Film1931Parlor, Bedroom and Bath
10%
Short Film1939Pest from the West
10%
Film1931Sidewalks of New York
10%
Film1932Speak Easily
10%
Film1950Sunset Boulevard
10%
Short Film1935Tars and Stripes
10%
Short Film1936The Chemist
10%
Film1935The Invader
10%
Short Film1923The Love Nest
10%
Short Film1922The Paleface
10%
Short Film1931The Stolen Jools
10%
TV Show1961The Twilight Zone
10%
Film1966A Funny Thing Happened on the Way to the Forum
0%
Short Film1934Allez Oop!
0%
TV Show1950-1952All Star Revue
0%
TV Show1952All Star Summer Revue
0%
Film1956Around the World in 80 Days
0%
Film1965Beach Blanket Bingo
0%
Short Film1936Blue Blazes
0%
Film1946Boom in the Moon
0%
Film1928Brotherly Love
0%
TV Show1964Burke's Law
0%
Documentary Mini-Series1987Buster Keaton: A Hard Act to Follow
0%
Short TV Documentary2002Buster Keaton and Fatty Roscoe Arbuckle
0%
TV Special1965Buster Keaton and Lucille Ball
0%
Short Documentary2006Buster Keaton: From Silents to Shorts
0%
Short Documentary2008Buster Keaton: Head Over Heels in Hollywood
0%
Documentary1965Buster Keaton Rides Again
0%
TV Documentary2016Buster Keaton: The Genius Destroyed by Hollywood
0%
Documentary1968Buster Keaton: The Great Stone Face
0%
TV Show1957Circus Time
0%
Short Film1937Ditto
0%
Film1930Doughboys
0%
TV Show1954Douglas Fairbanks Presents
0%
Film1946Easy to Wed
0%
Short Film1965Film
0%
Film1943Forever and a Day
0%
Film1946God's Country
0%
Short Film1935Hayseed Romance
0%
Short Film1940His Ex Marks the Spot
0%
Film1939Hollywood Cavalcade
0%
Short Film1933Hollywood on Parade No. A-13
0%
Film1965How to Stuff a Wild Bikini
0%
Film1949In the Good Old Summertime
0%
Film1963It's a Mad, Mad, Mad, Mad World
0%
Short Film1935La Fiesta de Santa Barbara
0%
Short Documentary2001L'Art de Buster Keaton
0%
Short Documentary2017Les Douze Glorieuses de Buster Keaton
0%
TV Show1951Life with Buster Keaton
0%
Film1953L'incantevole Nemica
0%
Short Film1937Love Nest on Wheels
0%
TV Show1956Lux Video Theatre
0%
TV Pilot1962Medicine Man
0%
Commercial1961Milky Way
0%
Short Film1936Mixed Magic
0%
Short Film1939Mooching Through Georgia
0%
TV Show1963Mr. Smith Goes to Washington
0%
Film1940New Moon
0%
Commercial1958Northwest Orient Airlines
0%
Short Film1940Nothing but Pleasure
0%
Theater1960-1961Once Upon a Mattress
0%
Short Film1935One Run Elmer
0%
Film1964Pajama Party
0%
Short Film1952Paradise for Buster
0%
Short Film1940Pardon My Berth Marks
0%
TV Show1958Playhouse 90
0%
TV Show1956Producers' Showcase
0%
Commercial1960sPure Oil
0%
TV Show1962Route 66
0%
Film1944San Diego, I Love You
0%
TV Show1955Screen Directors Playhouse
0%
Film1965Sergeant Deadhead
0%
Short Film1941She's Oil Mine
0%
Film1945She Went to the Races
0%
Commercial1958-1960sSimon Pure Beer
0%
Short Documentary2004So Funny It Hurt: Buster Keaton & MGM
0%
Short Film1941So You Won't Squawk
0%
TV Show1960Sunday Showcase
0%
Film1949Take Me Out to the Ball Game
0%
TV Short1962Ten Girls Ago
0%
Film1945That Night with You
0%
Film1945That's the Spirit
0%
Film1960The Adventures of Huckleberry Finn
0%
TV Short1958The Adventures of Mr. Pastry
0%
TV Show1951, 1952The Arthur Murray Party
0%
Documentary1995The Art of Buster Keaton
0%
TV Show1954The Best of Broadway
0%
TV Show1958The Betty White Show
0%
TV Show1952The Colgate Comedy Hour
0%
Short Film1960The Devil to Pay
0%
TV Show1958, 1965The Donna Reed Show
0%
TV Show1955The Eddie Cantor Comedy Theater
0%
TV Show1950-1963The Ed Sullivan Show
0%
TV Show1949The Ed Wynn Show
0%
Short Film1935The E-Flat Man
0%
Documentary1975The Golden Age of Buster Keaton
0%
Documentary2018The Great Buster
0%
TV Show1964The Greatest Show on Earth
0%
Film1929The Hollywood Revue of 1929
0%
Short Film1961The Home Owner
0%
TV Show1963The Jerry Lewis Show
0%
Film1949The Lovable Cheat
0%
TV Film1965The Man Who Bought Paradise
0%
Film1930The March of Time
0%
TV Special1962The New March of Dimes Presents: The Scene Stealers
0%
Film1932The Passionate Plumber
0%
TV Show1956The Rosemary Clooney Show
0%
Film1920The Round-Up
0%
Short Film1966The Scribe
0%
Short Film1940The Spook Speaks
0%
TV Show1956The Steve Allen Plymouth Show
0%
Short Film1940The Taming of the Snood
0%
Short Film1935The Timid Young Man
0%
Short Film1963The Triumph of Lester Snapwell
0%
Film1940The Villain Still Pursued Her
0%
Short Film1936Three on a Limb
0%
Film1929Tide of Empire
0%
Short Film1952Un Duel à Mort
0%
Film1966War Italian Style
0%
Film1933What! No Beer?
0%
TV Show1957What's My Line?
0%
TV Show1958You Asked for It
0%
Film1949You're My Everything
0%

Score Distribution

Percentile by Number Answered

Percent of People with Each Score

Your Score History

You have not taken this quiz since the last reset